Rusia biografía de un pueblo (Registro nro. 77833)

Detalles MARC
000 -ENCABEZADO
Número de control [NR] 00749nam a2200217Ia 4500
008 - DE LONGITUD FIJA DE DATOS DE ELEMENTOS - INFORMACIÓN GENERAL
Elementos de longitud fija [NR] 130821s1956 sp ao gr spa
040 ## - FUENTE DE CATALOGACION [NR]
Agencia de catalogación original [NR] Co-BoUCM
Idioma de catalogación [NR] spa
041 00 - CODIGO DE IDIOMA [R]
Código de idioma para texto/pista de sonido o título separado [R] Español
100 1# - ASIENTO PRINCIPAL--NOMBRE PERSONAL [NR]
Nombre personal [NR] Prawdin, Michael
ID Autoridad 120585
245 10 - MENCION DE TITULO [NR]
Título [NR] Rusia biografía de un pueblo
Mención de responsabilidad, etc. [NR] Michael Prawdin ; traducción de Antonio Tomás Todoli
260 ## - PUBLICACION, DISTRIBUCION, ETC. (PIE DE IMPRENTA) [R]
Lugar de publicación, distribución, etc. [R] Barcelona (España)
Nombre del editor, distribuidor, etc. [R] Juventud
Fecha de publicación, distribución, etc. [R] 1956
300 ## - DESCRIPCION FISICA [R]
Extensión [R] 285 páginas
Otros detalles físicos [NR] ilustraciones, fotografías
650 ## - ASIENTO SECUNDARIO DE MATERIA - TERMINO TEMATICO [R]
Término temático o nombre geográfico como elemento de entrada [NR] Historia
9 (RLIN) 7695
650 ## - ASIENTO SECUNDARIO DE MATERIA - TERMINO TEMATICO [R]
Término temático o nombre geográfico como elemento de entrada [NR] Historia
Subdivisión geográfica [R] Europa
9 (RLIN) 101101
651 ## - ASIENTO SECUNDARIO DE MATERIA - NOMBRE GEOGRAFICO [R]
Nombre geográfico [NR] Rusia
Subdivisión de forma [R] Aspectos sociales
9 (RLIN) 26702
651 ## - ASIENTO SECUNDARIO DE MATERIA - NOMBRE GEOGRAFICO [R]
Nombre geográfico [NR] Rusia
Subdivisión general [R] Historia
9 (RLIN) 60019
700 1# - ASIENTO SECUNDARIO - NOMBRE PERSONAL [R]
Nombre personal [NR] Todoli, Antonio Tomás
Término de relación [R]
9 (RLIN) 169826
765 ## - ASIENTO DE IDIOMA ORIGINAL [R]
Título [NR] Russland
942 ## - ELEMENTOS DE ENTRADA AGREGADOS (KOHA)
Tipo de ítem principal el descrito en 300a Libro
Tema principal Historia
Edición 1
Parte restante de la signatura top. P918r
Sistema de clasificación DEWEY
Clasificación 947.08
Existencias
Fecha de último préstamo Total préstamos Total Renewals Signatura topográfica Código de barras Última vez visto Ejemplar Price effective from Tipo de ítem Perdido Sistema de clasificación Dañado No prestable Tipo de ítem específico Suprimido Ubicación habitual Ubicación actual Localización Fecha de creación Forma de adquisición Costo
08/09/2017 25 14 947.08 P918r 100115991 10/12/2025 Ej.1 03/02/2013 Libro   DEWEY     Libro   Claustro Claustro 2do piso 28/02/2013 Donación 26000.00